Private client : (Record no. 5168)
[ view plain ]
| 000 -LEADER | |
|---|---|
| fixed length control field | 00719nam a22002057a 4500 |
| 008 - FIXED-LENGTH DATA ELEMENTS--GENERAL INFORMATION | |
| fixed length control field | 120912t xxu||||| |||| 00| 0 eng d |
| 020 ## - INTERNATIONAL STANDARD BOOK NUMBER | |
| International Standard Book Number | 9-0781-9076-2428-5 |
| 082 ## - DEWEY DECIMAL CLASSIFICATION NUMBER | |
| Edition number | 18 ed. |
| Classification number | 346.054 COU |
| 100 ## - MAIN ENTRY--PERSONAL NAME | |
| Personal name | Cousal, Helen |
| 9 (RLIN) | 6613 |
| 245 ## - TITLE STATEMENT | |
| Title | Private client : |
| Remainder of title | wills,trusts and estate planning / |
| Statement of responsibility, etc | Helen Cousal and Lesley King |
| 260 ## - PUBLICATION, DISTRIBUTION, ETC. (IMPRINT) | |
| Place of publication, distribution, etc | Guildford : |
| Name of publisher, distributor, etc | College of law publishing |
| Date of publication, distribution, etc | 2011 |
| 300 ## - PHYSICAL DESCRIPTION | |
| Extent | xv. ; 290 p. : |
| Dimensions | 30 cm. |
| 500 ## - GENERAL NOTE | |
| General note | Includes Index |
| 500 ## - GENERAL NOTE | |
| General note | Includes Appendicies |
| 650 ## - SUBJECT ADDED ENTRY--TOPICAL TERM | |
| Source of heading or term | Inheritance and succession -- England -- Periodicals |
| 650 ## - SUBJECT ADDED ENTRY--TOPICAL TERM | |
| Source of heading or term | Inheritance and succession -- Wales -- Periodicals ; |
| 650 ## - SUBJECT ADDED ENTRY--TOPICAL TERM | |
| Source of heading or term | Private client |
| 700 ## - ADDED ENTRY--PERSONAL NAME | |
| Personal name | King, Lesley |
| 9 (RLIN) | 6614 |
| 942 ## - ADDED ENTRY ELEMENTS (KOHA) | |
| Source of classification or shelving scheme | Dewey Decimal Classification |
| Item type | Books |
| Withdrawn status | Lost status | Source of classification or shelving scheme | Damaged status | Not for loan | Home library | Current library | Shelving location | Date acquired | Total Checkouts | Full call number | Barcode | Date last seen | Copy number | Price effective from | Koha item type | Public note |
|---|---|---|---|---|---|---|---|---|---|---|---|---|---|---|---|---|
| Dewey Decimal Classification | Law Development Centre Main Library | Law Development Centre Main Library | Text Books and Laws | 09/12/2012 | 346.054 COU | 3812/2012 | 09/12/2012 | 1 | 09/12/2012 | Books | Reference book | |||||
| Dewey Decimal Classification | Law Development Centre Main Library | Law Development Centre Main Library | Text Books and Laws | 09/12/2012 | 346.054 COU | 3813/2012 | 09/12/2012 | 2 | 09/12/2012 | Books | Reference book | |||||
| Dewey Decimal Classification | Law Development Centre Main Library | Law Development Centre Main Library | Text Books and Laws | 09/12/2012 | 346.054 COU | 3814/2012 | 09/12/2012 | 3 | 09/12/2012 | Books | Reference book | |||||
| Dewey Decimal Classification | Law Development Centre Main Library | Law Development Centre Main Library | Text Books and Laws | 09/12/2012 | 346.054 COU | 3815/2012 | 09/12/2012 | 4 | 09/12/2012 | Books | Reference book |
